000 00739nam a2200277Ia 4500
008 170203s9999 xx 000 0 und d
020 _a9780746077221
050 _aFic
050 _bC877f
100 _aCox, Phil Roxbee,
245 _aFox on a box /
245 _cPhil Roxbee Cox ; illustrated by Stephen Cartwright ; edited by Jenny Tyler.
260 _aLondon :
260 _bUsborne Publishing,
260 _c2006
300 _a16 pages :
300 _bcolor illustrations ;
300 _c21 cm.
440 _aUsborne phonics readers.
650 _aFoxes --
650 _aFoxes.
650 _aReading --
650 _aToy and movable books.
650 _xJuvenile fiction.
650 _xPhonetic method.
999 _c306380
_d306380